Reinforced concrete design (Record no. 187156)

000 -LEADER
fixed length control field 00237nam a2200097Ia 4500
008 - FIXED-LENGTH DATA ELEMENTS--GENERAL INFORMATION
fixed length control field 220217s9999||||xx |||||||||||||| ||und||
100 ## - MAIN ENTRY--PERSONAL NAME
Personal name Sinha, S.N
245 #0 - TITLE STATEMENT
Title Reinforced concrete design
260 ## - PUBLICATION, DISTRIBUTION, ETC.
Place of publication, distribution, etc. Tata mc graw hill
300 ## - PHYSICAL DESCRIPTION
Other physical details 750
Holdings
Withdrawn status Lost status Damaged status Not for loan Collection code Home library Current library Shelving location Date acquired Barcode Date last seen Price effective from Koha item type
        Civil Engineering Central Library Central Library Reference 02/18/2022 22345 02/18/2022 02/18/2022 Books

Powered by Koha